000 00744nam a2200217 a 4500
001 000013086
005 20240530073916.0
008 091120s1978 dr 000 f spa d
040 _aDO-SdBNP
_bspa
_cBNPHU
082 _aRD863.44
_bS489t
100 1 _aSerulle, Haffe,
_d1947-
_922959
245 1 4 _aLas tinieblas del dictador /
_cHaffe Serulle; edicion Antonio Dueñas.
260 _a[Madrid] :
_bCasagrande,
_c1978.
300 _a239 p. ;
_c17 cm.
500 _aIncluye datos biográficos del autor en la solapa de la contracubierta
590 _aInventariado, 2020 / DG
650 0 _aNovela dominicana
_9223
650 0 _aLiteratura dominicana.
_967
700 1 _aDueñas, Antonio,
_fed.
_930213
910 _aValidado. Control de calidad EMS
999 _c12728
_d12728